60 éves a Vidékfejlesztési Szakközépiskola

Bibliographic Details
Main Author: Póda, Erzsébet, 1965- (Author)
Format: Article
Language:Hungarian
PhysicalDescription:Fotogr.
ISSN:1336-3638
Subjects:

MARC

LEADER 00000nab a2200000 a 4500
001 vtls011737390
003 SK-MaSNL
005 20260319070815.0
008 180118|2017 xo w| 000 0|hun
015 |a SNBRB2017/10 
038 |a DSZK 
040 |a DSZK  |b slo  |c DSZK  |e AACR2 
041 |a hun 
044 |a xo  |c SK 
080 |a 373.55:711.3  |x (=511.141)  |x (437.6)  |2 2011 
100 1 |a Póda, Erzsébet,  |d 1965-  |4 aut  |9 340268 
245 1 0 |a 60 éves a Vidékfejlesztési Szakközépiskola  |c Póda Erzsébet 
246 3 |a Hatvan éves a Vidékfejlesztési Szakközépiskola 
300 |b Fotogr. 
610 2 7 |a Stredná odborná škola rozvoja vidieka s vyučovacím jazykom maďarským (Dunajská Streda, Slovensko)  |2 dszk  |9 1038612 
650 0 7 |a výročie založenia  |2 dszk  |9 1046079 
650 0 7 |a jubilejné oslavy  |2 dszk  |9 101434 
651 7 |a Dunajská Streda (Slovensko)  |2 SNKPH  |9 17375 
773 0 |t Csallóköz  |g Évf. 57, sz. 43 (2017), o. 6  |x 1336-3638 
852 |a DSZK  |b KIS3GCP 
856 |a http://www.csallokoz.sk 
958 |a SK 
958 |a HU 
999 |c 1787413  |d 1789343